000 00600nam a22002297a 4500
003 UA-OsUOA
001 66170
007 ta
008 20091222b un ||||| |||| 00| 0 ukr d
100 _aГузар З. П.
090 _a82.09
_bГ93
942 _cBK
040 _aUA-OsUOA
_bukr
_cUA-OsUOA
_dUA-OsUOA
245 _aВивчення творчості Ольги Кобилянської
300 _a100 с.
955 _a2
041 _aukr
080 _a82.09
260 _aК.
_c1978
650 7 _a82 Література. Літературознавство
_2UDC
999 _c351948
_d351948